Spatial analysis of deforestation, fragmentation and forest fires in Kerala: (Record no. 5560)

MARC details
000 -LEADER
fixed length control field 00697nam a22002057a 4500
003 - CONTROL NUMBER IDENTIFIER
control field OSt
005 - DATE AND TIME OF LATEST TRANSACTION
control field 20220107122824.0
008 - FIXED-LENGTH DATA ELEMENTS--GENERAL INFORMATION
fixed length control field 170324b xxu||||| |||| 00| 0 eng d
040 ## - CATALOGING SOURCE
Transcribing agency IIITMK
100 ## - MAIN ENTRY--PERSONAL NAME
Personal name Athira K
9 (RLIN) 11478
245 ## - TITLE STATEMENT
Title Spatial analysis of deforestation, fragmentation and forest fires in Kerala:
Remainder of title Implications on protected areas
300 ## - PHYSICAL DESCRIPTION
Extent MPHIL EI - Main
502 ## - DISSERTATION NOTE
Degree type MPHIL EI
Name of granting institution 2015-16
Year degree granted INT
-- Dr. R. Jaishanker
-- Dr. C Sudhakkar Reddy<br/>National Remote Sensing Center ,ISRO<br/>Hyderabad<br/>
650 ## - SUBJECT ADDED ENTRY--TOPICAL TERM
Topical term or geographic name entry element ECOLOGY
9 (RLIN) 11479
650 ## - SUBJECT ADDED ENTRY--TOPICAL TERM
Topical term or geographic name entry element LANDSCAPE
9 (RLIN) 11480
650 ## - SUBJECT ADDED ENTRY--TOPICAL TERM
Topical term or geographic name entry element DEFORESTATION
9 (RLIN) 11481
650 ## - SUBJECT ADDED ENTRY--TOPICAL TERM
Topical term or geographic name entry element REMOTE SENSING
9 (RLIN) 11482
650 ## - SUBJECT ADDED ENTRY--TOPICAL TERM
Topical term or geographic name entry element PATCH ANALYSIS
9 (RLIN) 11483
942 ## - ADDED ENTRY ELEMENTS (KOHA)
Source of classification or shelving scheme Dewey Decimal Classification
Koha item type
Holdings
Withdrawn status Lost status Source of classification or shelving scheme Damaged status Not for loan Home library Current library Date acquired Total Checkouts Barcode Date last seen Price effective from Koha item type
    Dewey Decimal Classification     IIITM-K Kerala University of Digital Sciences, Innovation and Technology Knowledge Centre 24/03/2017   R-1191 24/03/2017 24/03/2017 Project Reports